000 00332nam a2200145Ia 4500
008 230718s9999 xx 000 0 und d
041 _aEng.
082 _a250
_bWEL-S
100 _aWelriyaes Max
245 0 _aSiares of Qasgelves
260 _aPakistan
_bIcimi Lecjab Lcham
_c2007
300 _a408
650 _aLaw
999 _c26298
_d26298